[Event "CRO-chT3 Center-A"]
[Site "Zagreb"]
[Date "2011.10.16"]
[Round "9.31"]
[White "Macek, Vlasta"]
[Black "Krizanovic, Zvonko"]
[Result "0-1"]
[WhiteElo "2215"]
[BlackElo "2119"]
[PlyCount "80"]
[EventDate "2011.03.13"]
[EventType "team-tourn"]
[EventRounds "11"]
[EventCountry "CRO"]
[SourceTitle "EXT 2014"]
[Source "ChessBase"]
[SourceDate "2013.11.20"]
[SourceVersion "1"]
[SourceVersionDate "2013.11.20"]
[SourceQuality "1"]

1. d4 Nf6 2. c4 e6 3. Nc3 Bb4 4. Qc2 c5 5. dxc5 Na6 6. a3 Qa5 7. Bd2 Nxc5 8. Rc1 Bxc3 9. Bxc3 Qa4 10. Bxf6 gxf6 11. b4 Qxc2 12. Rxc2 Ne4 13. f3 Nd6 14. e4 b6 15. Ne2 a5 16. c5 bxc5 17. bxc5 Nb5 18. a4 Na7 19. Nd4 Nc6 20. Nb5 Ke7 21. Be2 Nb4 22. Rb2 Bb7 23. 0-0 Bc6 24. Rd1 Rhg8 25. Rc1 h5 26. h4 Rab8 27. Rd2 Rg3 28. Kf2 Rbg8 29. Bf1 R3g7 30. Ke3 f5 31. exf5 Nd5+ 32. Kd4 Kf6 33. fxe6 fxe6 34. Re1 Ne7 35. Nd6 Bxa4 36. Ra2 Bb3 37. Ne4+ Kf7 38. Rd2 Nf5+ 39. Kc3 Bd5 40. Ra1 Ra8 0-1

[Event "CRO-chT3A Center"]
[Site "Zagreb"]
[Date "2010.04.11"]
[Round "3.36"]
[White "Bilafer, Nedjeljko"]
[Black "Krizanovic, Zvonko"]
[Result "0-1"]
[WhiteElo "2006"]
[BlackElo "2065"]
[PlyCount "66"]
[EventDate "2010.03.21"]
[EventType "team-tourn"]
[EventRounds "11"]
[EventCountry "CRO"]
[SourceTitle "EXT 2012"]
[Source "ChessBase"]
[SourceDate "2011.11.24"]
[SourceVersion "1"]
[SourceVersionDate "2011.11.24"]
[SourceQuality "1"]

1. e4 c6 2. f4 d5 3. e5 c5 4. Nf3 Nc6 5. c3 Nh6 6. d4 Bg4 7. dxc5 e6 8. b4 Be7 9. Bb5 Qc7 10. 0-0 0-0 11. h3 Bxf3 12. Rxf3 a5 13. Bxc6 Qxc6 14. Be3 b6 15. a4 bxc5 16. b5 Qc7 17. Na3 Rfd8 18. Bf2 Rac8 19. Rc1 Nf5 20. g4 Nh4 21. Rg3 Ng6 22. Rf3 Qb7 23. Nc2 d4 24. Ne1 Qe4 25. Qd3 Qxd3 26. Nxd3 c4 27. Ne1 d3 28. Rd1 Bc5 29. Kg2 Rd7 30. Kg3 Ne7 31. f5 Bxf2+ 32. Rxf2 Nd5 33. Nxd3 Nxc3 0-1

[Event "CRO-chT3"]
[Site "Zagreb"]
[Date "2008.10.19"]
[Round "9"]
[White "Krizanovic, Zvonko"]
[Black "Cvetkovic, Ivan"]
[Result "1-0"]
[WhiteElo "2056"]
[BlackElo "2063"]
[PlyCount "59"]
[EventDate "2008.03.30"]
[EventType "team-tourn"]
[EventRounds "9"]
[EventCountry "CRO"]
[SourceTitle "EXT 2011"]
[Source "ChessBase"]
[SourceDate "2010.11.26"]
[SourceVersion "1"]
[SourceVersionDate "2010.11.26"]
[SourceQuality "1"]

1. e4 e6 2. d4 d5 3. Nc3 dxe4 4. Nxe4 b6 5. Nf3 Bb7 6. Bd3 Nf6 7. Qe2 Be7 8. c3 Nxe4 9. Bxe4 Bxe4 10. Qxe4 Qd5 11. Qg4 Bf6 12. 0-0 0-0 13. Bf4 c6 14. Rfe1 Nd7 15. b3 Rfd8 16. Rad1 Rac8 17. Ne5 Nf8 18. h4 Qa5 19. Qf3 Qd5 20. Qg3 Ng6 21. h5 Nxf4 22. Qxf4 c5 23. h6 cxd4 24. Rxd4 Qb7 25. hxg7 Rxc3 26. Rxd8+ Bxd8 27. Rd1 Qc7 28. Rxd8+ Kxg7 29. Rd7 Qc8 30. Rxf7+ 1-0

[Event "CRO-chT3"]
[Site "Zagreb"]
[Date "2008.04.06"]
[Round "2"]
[White "Livaic, Damir"]
[Black "Krizanovic, Zvonko"]
[Result "1/2-1/2"]
[WhiteElo "1965"]
[BlackElo "2056"]
[PlyCount "77"]
[EventDate "2008.03.30"]
[EventType "team-tourn"]
[EventRounds "9"]
[EventCountry "CRO"]
[SourceTitle "EXT 2011"]
[Source "ChessBase"]
[SourceDate "2010.11.26"]
[SourceVersion "1"]
[SourceVersionDate "2010.11.26"]
[SourceQuality "1"]

1. d4 d5 2. c4 c6 3. Nc3 Nf6 4. cxd5 cxd5 5. Nf3 Nc6 6. Bf4 e6 7. e3 Bd6 8. Bxd6 Qxd6 9. Bd3 a6 10. 0-0 Bd7 11. Rc1 0-0 12. a3 e5 13. Nxe5 Nxe5 14. dxe5 Qxe5 15. Be2 Bc6 16. Bf3 Rad8 17. Qd4 Qxd4 18. exd4 Rfe8 19. Rfe1 Kf8 20. Kf1 Rxe1+ 21. Rxe1 Re8 22. Rxe8+ Kxe8 23. Ke2 Kd7 24. Ke3 Kd6 25. Bd1 h6 26. f3 Nd7 27. Be2 Nb6 28. b3 Nc8 29. Bd3 Ne7 30. g3 Bd7 31. g4 f5 32. h3 fxg4 33. hxg4 g6 34. Ne2 h5 35. Nf4 hxg4 36. Nxg6 Nc6 37. fxg4 Bxg4 38. Nf4 Na5 39. Bc2 1/2-1/2